Zenei inspirációk Márai Sándor regényeiben
Elmentve itt :
| Szerző: | |
|---|---|
| További közreműködők: | |
| Dokumentumtípus: | Szakdolgozat |
| Megjelent: |
2007
|
| Tárgyszavak: | |
| Online Access: | http://diploma.bibl.u-szeged.hu/45351 |
| LEADER | 00555nta a2200157 i 4500 | ||
|---|---|---|---|
| 001 | dipl45351 | ||
| 005 | 20141107093813.0 | ||
| 008 | 141107s2007 hu om 0|| zxx d | ||
| 040 | |a SZTE Diploma Repozitórium |b hun | ||
| 041 | |a zxx | ||
| 100 | 1 | |a Selymes Nikoletta | |
| 245 | 1 | 0 | |a Zenei inspirációk Márai Sándor regényeiben |h [elektronikus dokumentum] / |c Nikoletta Selymes |
| 260 | |c 2007 | ||
| 650 | 4 | |a Bölcsészettudományok | |
| 700 | 1 | |a Olasz Sándor |e ths | |
| 856 | 4 | 0 | |u http://diploma.bibl.u-szeged.hu/id/eprint/45351/1/2007_selymes_nikoletta.pdf |z Dokumentum-elérés |